000
00348 a2200169 4500
001
182188
020
_a
85-08-05312-6
040
_c
Magnum
100
_a
Macedo, Joaquim Manuel de
240
1
0
_a
A moreninha
_l
por
245
1
0
_a
A moreninha
300
_a
135
362
0
_a
1995
440
1
_a
Ática
697
_a
LITERATURA GERAL
942
_c
BK
999
_c
182188
_d
182188